00523nam a2200193 a 4500001001300000003000900013005001700022008004100039020001000080082001500090100001600105245007600121260004200197300000900239500003500248505001000283650002000293700001600313nice12345678IN_TiNIC20260116011441.0050524s1946 newa grp 000 0 eng  ac10000a296.1bHAR aHarris, M H aHebraic Literatureb Translations from the Talmud Midrashim and Kabbala aNew YorkbTudor Publishing Co.,c1946 a395p aincludes index and biblioraphy2 aIndex aJudaism-Sources1 aHarris, M H